000 00806nam a2200253Ia 4500
003 OSt
005 20220923210947.0
006 a|||||r|||| 00| 0
007 ta
008 220922b |||||||| |||| 00| 0 hin d
020 _a8126004339 (hb)
024 _a231,197
037 _cTextual
040 _aARTS
_cARTS
_bhin
041 _2hin
_ahin
082 _aO152xN212x, N8
100 _aयायावर, भारत, संपा.
_9156557
245 0 _aरेणु रचना संचयन
246 _aReṇu rachanā sanchayana
260 _aनई दिल्ली
_b साहित्य अकादमी
_c1998
300 _a335पृ.
_ccm.
942 _hO152xN212x, N8
_cTEXL
_2CC
999 _c293190
_d293190